000 00585nam a2200181 a 4500
001 000023823
005 20200930022507.0
008 110113s1974 mx r 001 0 spa d
040 _aDO-SdBNP
_bspa
_cBNPHU
082 _annnn
_bF363v
100 1 _aFernández del Valle, Agustín Basave,
_d1923-2006
_949032
245 1 0 _aVisión de Estados Unidos /
_cAgustín Basave Fernández del Valle ; prólogo de Patrick Romanell.
260 _aMéxico :
_bDiana,
_c1974.
300 _a318 p. ;
_c22 cm.
500 _aIncluye índice
700 1 _aRomanell, Patrick,
_etr.
_949033
049 _aBNGR
999 _c23319
_d23319